000 00923nas a2200301 4500
001 BR0604188
003 BR-BrBNA
005 20231205110405.0
007 ta
008 230509b bl.|||p| |||| 00| 00por d
040 _aBR-BrBNA
_bpor
_cBiblioteca Nacional de Agricultura
041 _a(Pt)
072 _aF62
100 1 _aAndrade, A.C.S. de
100 1 _aPereira, T.S.
100 1 _aFernandes, M. de J.
100 1 _aCruz, A.P.M.
100 1 _aCarvalho, A.S. da R.
245 1 _aSubstrato, temperatura de germinação e desenvolvimento pós-seminal de sementes de Dalbergia nigra
650 _aJACARANDÁ
650 _aSEMENTE
650 _aGERMINAÇÃO
650 _aPLÂNTULA
650 _aSUBSTRATO DE CULTURA
773 0 _tPesquisa Agropecuária Brasileira (Brazil)
_xISSN 0100-204X
_g(Mar 2006), v. 41(3) p. 517-523
_wBR0604188
909 _a202311
_bLúcia
_c55
_dLúcia Elande
942 _2AGRIS
_n0
_cANA
999 _c187208
_d187208